| 000 | 00653 a2200241 4500 | ||
|---|---|---|---|
| 003 | OSt | ||
| 005 | 20260302154824.0 | ||
| 008 | 260302b |||||||| |||| 00| 0 eng d | ||
| 020 | _a9789352316816 (hbk) | ||
| 024 | _cTB | ||
| 037 | _cTB | ||
| 040 |
_bpun _cCRL |
||
| 041 | _apun | ||
| 100 |
_aਅਮਰ _9850791 |
||
| 245 | _aਹੂ | ||
| 246 | _aHoo / Amar | ||
| 260 |
_aPatiala, India: _bSangam Publication, _c2024. |
||
| 300 | _a175p. | ||
| 600 | _2Punjabi Literature | ||
| 600 | _2Punjabi Poetry | ||
| 942 |
_cTB _2CC _hO153,1NSAx R4 |
||
| 999 |
_c1465259 _d1465259 |
||